00956nam a22002657a 4500001000700000003000900007005001700016007000700033008005400040020001500094040002200109082001700131100002300148245013600171260005400307300003000361490002300391700003100414700002900445830002400474942001200498952012300510956004000633999001700673000631DO-SdBNP20161101141115.0000631161101b 1978 sp a ||||| |||| 00| 0 spa d a031138532X aBPMSUbspacBPMSU axxxxxbxxxxx1 aMandeville, Sylvia10aAmigos de Dios /ctexto de Sylvia Mandeville ; ilustraciones de Richard Deverell ; versión castellana de Edna Lee de Gutiérrez. aBuenos Aires, Argentina : bMundo Hispano,c1978. a24 p. : bil. ; c32 cm. 1 aApunta con tu dedo1 aDeverell, Richard, eil. 1 aGutiérrez, Edna Lee de 0aApunta con tu dedo. 2ddccBK 00102ddc40708CJ-GaBPMETbBPMETd2016-11-01eDonaciónl0oxxxxx xxxxxpBPMSU16110021r2016-11-01w2016-11-01yBK 2LOPEREZ3106201311018BPMSUa00041 c11756d11756